000 00739nam a2200217 i 4500
003 IT-RoINE
005 20230921110423.0
008 900725s1952 sp r 1 spa d
040 _aSpMaBN
_cA2 IT-RoINE
_dIT-RoINE
100 1 _aCervantes Saavedra, Miguel de,
_d1547-1616
_916337
245 1 0 _aEntremeses /
_cCervantes ; edición y notas de Miguel Herrero García.
260 _aMadrid :
_bEspasa Calpe,
_c1952.
300 _aXX, 243 p. ;
_c19 cm.
336 _2rdacontent
_atext
337 _2rdamedia
_aunmediated
338 _2rdacarrier
_avolume
490 1 _aClásicos castellanos ;
_v125
700 1 _92392
_aHerrero García, Miguel,
_d 1895-1961‏
830 0 _922520
_aClásicos castellanos (Espasa-Calpe) ;
_v125
942 _cMTS
999 _c10996
_d10996